| 000 | 00350nam a2200133Ia 4500 | ||
|---|---|---|---|
| 999 |
_c6981 _d6981 |
||
| 008 | 191201s2007 xx 000 0 und d | ||
| 100 | _aPAL,Karam | ||
| 245 | 0 | _aModern Marketing Principles and Practices | |
| 250 |
_aEd. _b2007 |
||
| 260 |
_bDeep and Deep Publications Pvt. LTD _aNew Delhi |
||
| 300 | _aPg. 527 | ||
| 650 | _aBBA | ||
| 942 |
_2ddc _cBK _01 |
||